000 01057nam a2200373 4500
001 00571856
003 DO-SdBPM
005 20250826143938.0
007 ta
008 891031s1987 sp spa
015 _a
017 _a
_b
020 _a847480028
035 _a
040 _aDO-SdBPM
_bspa
_cBPMSU
_e rda
082 4 _a843.8
_bD238t 1987
_222
100 1 _aDaudet, Alphonse
_d1840-1897
_eautor
240 1 0 _aTartarin de Tarascon
_lespañol
245 1 0 _aTartarín de Tarascón /
_c Alphonse Daudet
_h
246 1 3 _a
264 _aMadrid :
_bLibrograf,
_c1987
300 _a206 páginas :
_bilustraciones,
_c20 cm
336 _atexto
_btxt
_2rdacontent
337 _asin mediación
_bn
_2rdamedia
338 _avolumen
_bnc
_2rdacarrier
490 0 _a P.P.P. juvenil,
_v34
590 _aInventariado, 2025/VM
650 7 _a Novela juvenil francesa
700 1 _aDarnell, Pedro,
_etraductor
740 _aTartarín en los Alpes.
910 _aVMateo V. Control de calidad. BPMSU
942 _2ddc
_cBK
999 _c9901
_d9901